Citations baccalauréat de français n°2 - Statistiques

Statistiques générales
  • Ce quiz a été pris 130 fois
  • Le résultat moyen est 3 sur 16
Statistiques - réponses
Objets d'étude Auteurs Œuvres Citations % Correct
Albert Camus L'Etranger Je lui ai même dit : “Ce n’est pas de ma {faute}.”
68%
Jean de La Fontaine Le Corbeau et le Renard Apprenez que tout {flatteur} vit aux dépens de celui qui l'écoute.
56%
Remember! {Souviens}-toi, prodigue! Esto memor! (Mon gosier de métal parle toutes les langues.)
36%
Poésie Charles Baudelaire Les Fleurs du mal Tu m’as donné ta {boue} et j’en ai fait de l’{or}.
36%
Molière Les Fourberies de Scapin Cinq cents {écus}! N’a-t-il point de conscience ?
24%
Eh bien! Monsieur, lui répondit-elle en se jetant à ses {genoux}, je vais vous faire un {aveu} que l'on n'a jamais fait à son mari...
9%
Théâtre Marivaux Les Fausses Confidences Votre bonne {mine} est un Pérou!
8%
Christian Bobin L'homme-joie Ecrire, c'est dessiner une {porte} sur un mur infranchissable, et puis l'{ouvrir}.
7%
La magnificence et la galanterie n'ont jamais paru en {France} avec tant d'éclat que dans les dernières années du règne de {Henri} second.
7%
Ah ! ah ! monsieur est {Persan} ? C’est une chose bien extraordinaire ! Comment peut-on être {Persan} ?
6%
D'ailleurs ce roi est un grand {magicien}: il exerce son empire sur l'esprit même de ses {sujets}; il les fait penser comme il veut.
6%
Ouf ! ma gloire m’accable. Je mériterais bien d’appeler cette femme-là ma {bru}.
6%
Les mouches bourdonnaient sur ce ventre {putride}, D'où sortaient de noirs {bataillons} De larves, qui coulaient comme un épais {liquide} Le long de ces vivants {haillons}.
5%
Roman Madame de Lafayette La Princesse de Clèves Quand on croit être {heureux}, vous savez que cela suffit pour l'être.
5%
Littérature d'idées Montesquieu Les Lettres persanes Il [le roi] a un {ministre} qui n'a que dix-huit ans, et une {maîtresse} qui en a quatre-vingts.
3%
On essaie de se faire {aimer}, ce me semble ; cela est naturel et {pardonnable}.
1%
Aucun quiz correspondant
Distribution des résultats
% des personnes avec chaque résultat
Percentile par nombre de réponses
Votre historique - résultats
Vous n’avez pas pris ce quiz